00178nam a22000857a 4500082001600000100001700016245001400033260003600047300000900083 a923.1 SUL'M aSULERI, Z. A aMY LEADER aLAHOREbDAILY NAWA-I-WAQTc1960 a119P